00595nam a2200193Ia 4500008004100000020001400041082001200055100002400067245003000091250000700121260003400128300002300162500000700185600003300192650002800225942000700253952012600260999001500386240925s9999 xx 000 0 und d a715313942 a428 WAR aWard ,J. Millington 0aO Level English Practice  aNA aLondon:bBell & Hymanc,1984. a46p.bNAfOriginal aNA aHumanities & Natural Science aEnglish and Old English cBK 001040708HUMaUITUbUITUd1999-02-22eFair Book Centerg895.00l0o428 WARpQ2026r2024-09-25 07:12:38w2024-09-25yBK c4525d4525